Statistics for AIRLINES WITH THE MOST PLANES

Click here to take the quiz!

General Stats

  • This quiz has been taken 318 times
  • The average score is 7 of 10

Answer Stats

HintAnswer% Correct
North AmericaAmerican Airlines
94%
North AmericaDelta Airlines
88%
North AmericaUnited Airlines
84%
EuropeAir France-KLM
69%
EuropeLufthansa
69%
AsiaEmirates
64%
North AmericaSouthwest Airlines
62%
EuropeRyanair
53%
Europe-AsiaTurkish Airlines
50%
AsiaChina Southern Airlines
24%

Score Distribution

Percentile by Number Answered

Percent of People with Each Score

Your Score History

You have not taken this quiz